| 000 | 00901nam a22002777a 4500 | ||
|---|---|---|---|
| 001 | 2869 | ||
| 003 | FISKH | ||
| 005 | 20250320144736.0 | ||
| 008 | 240119b cb ||||| |||| 00| 0 eng d | ||
| 020 | _a9780545729901 | ||
| 040 |
_aFISKH _beng _cFISKH _dFISKH |
||
| 050 | _aBL820.P4 | ||
| 082 | _a398.2 | ||
| 100 | _aMayer, Marinna | ||
| 245 |
_aPegasus / _cAs told by Mayer, Marinna : Illustrated by Craft, K.Y |
||
| 260 |
_aNew York : _bScholastic, _c1998 . |
||
| 300 |
_a40 unnumbered pages : _bcolor illustrations ; _c29 cm . |
||
| 505 | _aZ | ||
| 520 | _aRetells how Bellerophon, son of the king of Corinth, secures the help of the winged horse Pegasus in order to fight the monstrous Chimera. | ||
| 521 | 8 |
_a960
_bLexile |
|
| 521 | 8 |
_aZ
_bRaz-Plus |
|
| 650 |
_aAncient history _vFiction |
||
| 700 |
_aCraft, K.Y _eIllustrator |
||
| 942 |
_2ddc _cBK _n0 |
||
| 999 |
_c2869 _d2869 |
||